Formula 1: Teammates by Driver #4 - Statistics

General Stats
  • This quiz has been taken 789 times
  • The average score is 28 of 48
Answer Stats
Driver Seasons Teammate Country Team % Correct
Felipe Massa 2010-2013 Fernando Alonso Spain Ferrari
99%
Felipe Massa 2007-2009 Kimi Räikkönen Finland Ferrari
98%
David Coulthard 2002-2004 Kimi Räikkönen Finland McLaren
98%
Felipe Massa 2006 Michael Schumacher Germany Ferrari
98%
Rubens Barrichello 2000-2005 Michael Schumacher Germany Ferrari
98%
Eddie Irvine 1996-1999 Michael Schumacher Germany Ferrari
98%
Felipe Massa 2017 Lance Stroll Canada Williams
95%
Felipe Massa 2014-2016 Valtteri Bottas Finland Williams
95%
Felipe Massa 2005 Jacques Villeneuve Canada Sauber
90%
Heinz-Harald Frentzen 1997-1998 Jacques Villeneuve Canada Williams
90%
David Coulthard 2007-2008 Mark Webber Australia Red Bull
87%
Rubens Barrichello 2006-2009 Jenson Button United Kingdom Honda, Brawn
86%
David Coulthard 1996-2001 Mika Häkkinen Finland McLaren
86%
Rubens Barrichello 1998 Jos Verstappen Netherlands Stewart
84%
Rubens Barrichello 2011 Pastor Maldonado Venezuela Williams
83%
David Coulthard 1994-1995 Damon Hill United Kingdom Williams
79%
Heinz-Harald Frentzen 1999 Damon Hill United Kingdom Jordan
79%
Rubens Barrichello 1997-1998 Jan Magnussen Denmark Stewart
72%
Felipe Massa 2004 Giancarlo Fisichella Italy Sauber
69%
Felipe Massa 2002 Nick Heidfeld Germany Sauber
69%
Heinz-Harald Frentzen 2002-2003 Nick Heidfeld Germany Sauber
69%
Heinz-Harald Frentzen 2000-2001 Jarno Trulli Italy Jordan
62%
Eddie Irvine 1993-1995 Rubens Barrichello Brazil Jordan
60%
Rubens Barrichello 1993-1995 Eddie Irvine United Kingdom Jordan
59%
Eddie Irvine 1999 Mika Salo Finland Ferrari
58%
Rubens Barrichello 2010 Nico Hülkenberg Germany Williams
58%
David Coulthard 2005-2006 Christian Klien Austria Red Bull
52%
Eddie Irvine 2001-2002 Pedro de la Rosa Spain Jaguar
50%
Rubens Barrichello 1999 Johnny Herbert United Kingdom Stewart
49%
Eddie Irvine 2000 Johnny Herbert United Kingdom Jaguar
49%
Heinz-Harald Frentzen 1996 Johnny Herbert United Kingdom Sauber
49%
David Coulthard 2005 Vitantonio Liuzzi Italy Red Bull
45%
Rubens Barrichello 1993 Thierry Boutsen Belgium Jordan
40%
Heinz-Harald Frentzen 1994 JJ Lehto Finland Sauber
38%
Rubens Barrichello 1996 Martin Brundle United Kingdom Jordan
35%
David Coulthard 2006 Robert Doornbos Netherlands Red Bull
32%
Rubens Barrichello 1994 Aguri Suzuki Japan Jordan
27%
Rubens Barrichello 1994 Andrea de Cesaris Italy Jordan
27%
Heinz-Harald Frentzen 1994 Andrea de Cesaris Italy Sauber
27%
Heinz-Harald Frentzen 2001 Tomas Enge Czech Republic Prost
26%
Eddie Irvine 2001 Luciano Burti Brazil Jaguar
20%
Heinz-Harald Frentzen 2001 Luciano Burti Brazil Prost
20%
Heinz-Harald Frentzen 2002 Enrique Bernoldi Brazil Arrows
18%
Heinz-Harald Frentzen 1994-1995 Karl Wendlinger Austria Sauber
17%
Rubens Barrichello 1993 Ivan Capelli Italy Jordan
16%
Heinz-Harald Frentzen 1995 Jean-Christophe Boullion France Sauber
7%
Rubens Barrichello 1993 Marco Apicella Italy Jordan
7%
Rubens Barrichello 1993 Emanuele Naspetti Italy Jordan
6%
No matching quizzes found
Score Distribution
Percent of People with Each Score
Percentile by Number Answered
Your Score History
You have not taken this quiz